| Tag |
First Indicator |
Second Indicator |
Subfields |
| LEADER |
00000cam a2200000 i 4500 |
| 001 |
in00001409964 |
| 005 |
20151020070434.0 |
| 008 |
750310s1975 nyua j 000 0 eng |
| 010 |
|
|
|a 75006974
|
| 020 |
|
|
|a 0688800041
|
| 020 |
|
|
|a 0688840043 (lib. bdg.)
|
| 035 |
|
|
|a (OCoLC)01273385
|
| 035 |
|
|
|9 AHP8902AM
|
| 040 |
|
|
|a DLC
|c DLC
|d IUD
|d UtOrBLW
|
| 049 |
|
|
|a TXAG
|
| 050 |
0 |
0 |
|a RK63
|b .R6
|
| 082 |
0 |
|
|a 617/.6
|
| 100 |
1 |
|
|a Rockwell, Harlow.
|
| 245 |
1 |
0 |
|a My dentist /
|c by Harlow Rockwell.
|
| 264 |
|
1 |
|a New York :
|b Greenwillow Books,
|c [1975]
|
| 300 |
|
|
|a 32 unnumbered pages :
|b color illustrations ;
|c 23 x 25 cm.
|
| 336 |
|
|
|a text
|b txt
|2 rdacontent
|
| 337 |
|
|
|a unmediated
|b n
|2 rdamedia
|
| 338 |
|
|
|a volume
|b nc
|2 rdacarrier
|
| 520 |
|
|
|a Simple text and illustrations describe a visit to the dentist.
|
| 650 |
|
0 |
|a Children
|x Preparation for dental care
|v Juvenile literature.
|
| 650 |
|
0 |
|a Dentists
|x Juvenile literature.
|
| 650 |
|
1 |
|a Dental care.
|
| 650 |
|
1 |
|a Dentists.
|
| 650 |
|
2 |
|a Dentists
|x popular works.
|
| 650 |
|
2 |
|a Oral Hygiene.
|
| 999 |
|
|
|a MARS
|
| 999 |
f |
f |
|s b39e6c54-804e-3d9f-ae8e-94cd9d6830a0
|i f7f3a162-70cd-3067-8eb2-6898d8bb15b8
|t 0
|
| 952 |
f |
f |
|p normal
|a Texas A&M University
|b College Station
|c Sterling C. Evans Library
|d Evans: Curriculum Collection (4th floor)
|t 0
|e RK63 .R6
|h Library of Congress classification
|i unmediated -- volume
|m A14822371416
|
| 998 |
f |
f |
|a RK63 .R6
|t 0
|l Evans: Curriculum Collection (4th floor)
|